All Team Starkid Shows - Statistics

General Stats
  • This quiz has been taken 16 times
  • The average score is 14 of 15
Answer Stats
Year Show Name % Correct
2009 A Very Potter Musical
100%
2013 A Very Potter Senior Year
100%
2010 A Very Potter Sequel
100%
2020 Black Friday
100%
2017 Firebringer
100%
2009 Me and My Dick
100%
2023 Nerdy Prudes Must Die
100%
2018 The Guy Who Didn't Like Musicals
100%
2013 Twisted: The Untold Story of a Royal Vizier
100%
2025 Cinderella's Castle
92%
2012 Holy Musical B@man!
92%
2011 Starship
92%
2014 Ani: A Parody
83%
2015 The Trail to Oregon!
83%
2024 VHS Christmas Carols
42%
No matching quizzes found
Score Distribution
Percent of People with Each Score
Percentile by Number Answered
Your Score History
You have not taken this quiz